LDR 00800naa#a2200181#i#450# 001 EN\\bibl\126619 005 20260630174042.2 011 ## _a2587-6740 100 ## _a20260615b2026####ek#y0engy0150####ca 102 ## _aRU 200 1# _aIntegration of digital spatial data into geoecological monitoring of the urban environment of a megapolis (on the example of the city of Moscow) _eJournal article 210 1# _aMoscow _cElectronic science _d2026 215 ## _a4 с. 608 ## _aJournal article _2local 675 ## _aОхрана окружающей среды. Управление качеством окружающей среды .. 504.06 _aКартография (текстовые материалы). 528.9 _z 700 #1 _aAkaev _gAlan Sadurtinovich 700 #1 _aVershinin _gValentin Valentinovich 856 4# _amshj.ru _u